| 000 | 00928nam a2200253Ia 4500 | ||
|---|---|---|---|
| 003 | OSt | ||
| 005 | 20220923224505.0 | ||
| 006 | a|||||r|||| 00| 0 | ||
| 007 | ta | ||
| 008 | 220922b |||||||| |||| 00| 0 hin d | ||
| 020 | _c1200 | ||
| 024 | _a236,347 | ||
| 037 |
_b447/I, 23/10/2008, Eastern Book Linkers _cTextual |
||
| 040 |
_aARTS _cARTS _bhin |
||
| 041 |
_2hin _ahin |
||
| 082 | _aR6, 152P8.1-.2 | ||
| 100 | _aमिश्र, जगदीशचन्द्र | ||
| 245 | 0 | _aभारतीय दर्शन | |
| 246 | _aBhāratīya darshana | ||
| 260 |
_aवाराणसी _b चौखम्बा प्रकाशन _c2008 |
||
| 490 | _aचौखम्बा सुरभारती ग्रन्थमाला; 425 | ||
| 942 |
_hR6, 152P8.1-.2 _cTEXL _2CC |
||
| 999 |
_c371794 _d371794 |
||